000 00689nam a2200205Ia 4500
003 GCL
005 20240530095251.0
008 140319s9999 xx 000 0 ara d
040 _aGCL /
_cGCL
082 0 4 _a270.962
_bق/ن م
100 1 _aنبيل لوقا بباوى
245 1 0 _aمشاكل الاقباط فى مصر وحلولها /
_cنبيل لوقا بباوى
260 _aالقاهرة :
_bمطابع الاهرام التجارية ،
_c2001
300 _a269 ص ؛
_c24 سم
650 0 4 _aالاقباط
650 0 4 _aالمسيحيون فى مصر
650 0 4 _aالمسيحية - مصر
650 0 4 _aمصر - الاحوال الاجتماعية
942 _2ddc
_cBK
999 _c5615
_d5615